Disney - Toutes les émotions de Vice-Versa - Statistiques

Statistiques générales
  • Ce quiz a été pris 1 107 fois
    1 054 depuis la dernière actualisation
  • Le résultat moyen est 9 sur 10
Statistiques - réponses
Hint Réponse % Correct
Vice-Versa 1 Rouge Colère
100%
Vice-Versa 1 Jaune Joie
100%
Vice-Versa 1 Bleu Tristesse
99%
Vice-Versa 1 Vert Dégout
96%
Vice-Versa 1 Violet Peur
96%
Vice-Versa 2 Orange Anxiété
91%
Vice-Versa 2 Vert d'eau Envie
76%
Vice-Versa 2 Indigo Ennuie
73%
Vice-Versa 2 Gris Nostalgie
68%
Vice-Versa 2 Rose Embarras
67%
Aucun quiz correspondant
Distribution des résultats
% des personnes avec chaque résultat
Percentile par nombre de réponses
Votre historique - résultats
Vous n’avez pas pris ce quiz depuis la dernière actualisation